Gaming Quiz

Random Gaming Quiz

CoD Black ops EVERYTHING part 1 Create a Class Quiz Stats

 Plays Quiz not verified by Sporcle

Challenge
Share
Tweet
Embed
Score 0/192 Timer 20:00
0 Plays Today
Hint Answers % Correct
Assault-rifleAK47
72.9%
Sub machine gunAK74u
70.6%
Sub machine gunMP5K
69.4%
Assault-rifleGalil
67.1%
Assault-rifleM16
65.9%
Assault-rifleG11
65.9%
Reticle colourRed
65.9%
CamouflageRed
65.9%
Assault-rifleFamas
63.5%
Assault-rifleCommando
63.5%
Face PaintCommando
63.5%
ShotgunOlympia
60%
Assault-rifleM14
57.6%
Assault-rifleEnfield
56.5%
Lethal grenadeFrag
55.3%
EquipmentClaymore
55.3%
Light Machine GunM60
54.1%
AttachmentExtended mag
54.1%
Reticle colourBlue
54.1%
Lethal grenadeSemtex
54.1%
Special WeaponBallistic knife
52.9%
Sub machine gunUzi
51.8%
ShotgunSpas-12
51.8%
Reticle colourGreen
51.8%
PistolPython
50.6%
Tactical grenadeFlashbang
50.6%
KillstreakAttack dogs
50.6%
Sub machine gunMac11
49.4%
LauncherRPG
49.4%
Lethal grenadeTomahawk
49.4%
PerkGhost
49.4%
Assault-rifleAug
48.2%
PistolM1911
48.2%
Special WeaponCrossbow
48.2%
Sub machine gunSkorpion
47.1%
ShotgunStakeout
47.1%
Light Machine GunRPK
47.1%
SniperL96A1
47.1%
AttachmentGrip
47.1%
AttachmentDual mag
47.1%
PerkLightweight
47.1%
PerkScavenger
47.1%
KillstreakCare package
47.1%
Sub machine gunSpectre
45.9%
SniperDragunov
45.9%
SniperWa2000
45.9%
EquipmentC4
45.9%
PerkHardline
45.9%
Sub machine gunKiparis
44.7%
Light Machine GunHK21
44.7%
LauncherChina lake
44.7%
AttachmentRapid fire
44.7%
Reticle colourYellow
44.7%
Tactical grenadeConcussion
44.7%
Attachmentflamethrower
43.5%
Face PaintDeath
43.5%
KillstreakRC-XD
43.5%
AttachmentSuppressor
42.4%
CamouflageGold
42.4%
PerkSleight of hand
42.4%
PerkSecond chance
42.4%
KillstreakSpy plane
42.4%
Sub machine gunMPL
41.2%
Light Machine GunStoner63
41.2%
Hint Answers % Correct
PistolCZ75
41.2%
AttachmentRed dot sight
41.2%
Care package weaponDeath machine
41.2%
Tactical grenadeDecoy
41.2%
EquipmentTactical insertion
41.2%
KillstreakCounter-spy plane
41.2%
PistolASP
40%
CamouflageTiger
40%
PerkFlak jacket
40%
KillstreakBlackbird
40%
Assault-rifleFn-Fal
38.8%
ShotgunHS10
38.8%
SniperPSG1
38.8%
PistolMakarov
38.8%
Reticle colourOrange
38.8%
PerkMarathon
38.8%
PerkNinja
38.8%
Sub machine gunPM63
37.6%
AttachmentGrenade launcher
37.6%
KillstreakChopper gunner
37.6%
KillstreakNapalm strike
37.6%
KillstreakSentry gun
37.6%
KillstreakAttack helicopter
37.6%
AttachmentVariable zoom
36.5%
Reticle colourPurple
36.5%
EquipmentCamera spike
36.5%
EquipmentMotion sensor
36.5%
AttachmentAcog sight
35.3%
Care package weaponGrim reaper
35.3%
ReticleDot
35.3%
KillstreakSAM turret
35.3%
EquipmentJammer
34.1%
KillstreakGunship
34.1%
AttachmentReflex sight
32.9%
Tactical grenadeNova gas
32.9%
PerkSteady aim
32.9%
PerkWarlord
32.9%
AttachmentDual wield
30.6%
PerkTactical mask
30.6%
PerkHacker
30.6%
KillstreakRolling thunder
30.6%
Tactical grenadeWilly pete
28.2%
LauncherM72 LAW
27.1%
Face PaintSmoke
27.1%
PerkScout
27.1%
KillstreakValkyrie rockets
27.1%
AttachmentMasterkey
25.9%
PerkHardened
25.9%
LauncherSTRELA-3
23.5%
ReticleCircle
23.5%
Reticle colourTeal
23.5%
ReticleSquare
22.4%
CamouflageIce
22.4%
KillstreakMortar team
21.2%
AttachmentInfrared scope
18.8%
AttachmentSnub nose
17.6%
ReticleTriangle
17.6%
CamouflageSiberia
17.6%
CamouflageWoodland
17.6%
AttachmentLow power scope
16.5%
CamouflageOlive
16.5%
AttachmentUpgraded iron sight
15.3%
ReticleSmiley face
15.3%
ReticleDiamond
14.1%
Hint Answers % Correct
ReticleSkull
14.1%
CamouflageWarsaw
14.1%
ReticleHeart
12.9%
CamouflageBerlin
12.9%
ReticleStar
11.8%
CamouflageYukon
11.8%
CamouflageFlora
11.8%
AttachmentSpeed reloader
10.6%
CamouflageDusty
10.6%
ReticleThree dots
9.4%
CamouflageSahara
9.4%
CamouflageERDL
9.4%
Face PaintSpider
9.4%
ReticleBones
8.2%
ReticleTreyarch
8.2%
CamouflageNevada
8.2%
Face PaintJester
8.2%
AttachmentExplosive tip
7.1%
ReticleRadiation
7.1%
Face PaintReaper
7.1%
ReticleCrosshairs
5.9%
ReticleX
5.9%
Face PaintAnimal
5.9%
Face PaintBanshee
5.9%
Face PaintBlack widow
5.9%
Face PaintBlitz
5.9%
Face PaintSidewinder
5.9%
Face PaintStalker
5.9%
AttachmentFull auto upgrade
4.7%
ReticleSemi-circle
4.7%
ReticleBurst
4.7%
ReticleDiamond outline
4.7%
ReticleSquare outline
4.7%
ReticleSquare with crosshairs
4.7%
ReticleOuter triangles
4.7%
ReticleX with dot
4.7%
ReticleYing yang
4.7%
Face PaintApache
4.7%
Face PaintDutch
4.7%
Face PaintLion
4.7%
Face PaintRanger
4.7%
Face PaintSandman
4.7%
Face PaintZulu
4.7%
ReticleLines with dot
3.5%
ReticleArrows horizontal
3.5%
ReticleArrows vertical
3.5%
ReticleArrows with dot
3.5%
ReticleCircle within a circle
3.5%
ReticleCircle with crosshairs
3.5%
ReticleCircle with outer lines
3.5%
ReticleCircle with inner lines
3.5%
ReticleCircle with arrows
3.5%
ReticleCircle with triangles
3.5%
ReticleOuter crosshairs
3.5%
ReticleSmall crosshairs
3.5%
ReticleLarge crosshairs
3.5%
ReticleCrosshairs with dot
3.5%
Face PaintClean
3.5%
Face PaintMantis
3.5%
Face PaintMilitia
3.5%
ReticleCircle outline
2.4%
ReticleCircle outline with dot
2.4%
Face PaintHighlande
2.4%
Face PaintDemon dragon
1.2%

You're not logged in!

Compare scores with friends on all Sporcle quizzes.
Join for Free
OR
Log In

You Might Also Like...

Show Comments

Extras

Top Quizzes Today


Score Distribution

Your Account Isn't Verified!

In order to create a playlist on Sporcle, you need to verify the email address you used during registration. Go to your Sporcle Settings to finish the process.

Report this User

Report this user for behavior that violates our Community Guidelines.

Details: